[Event "Pontevedra op-B 6th"]
[Site "Pontevedra"]
[Date "2018.08.08"]
[Round "1"]
[White "Arias Pineiro, Alejandro I"]
[Black "Moreira Novo, Brais"]
[Result "1-0"]
[WhiteElo "1658"]
[BlackElo "1155"]
[PlyCount "61"]
[EventDate "2018.08.08"]
[EventType "swiss"]
[EventRounds "9"]
[EventCountry "ESP"]
[SourceTitle "CBM 186 Extra"]
[Source "ChessBase"]
[SourceDate "2018.08.24"]
[SourceVersion "1"]
[SourceVersionDate "2018.08.24"]
[SourceQuality "1"]

1. d4 Nf6 2. Nf3 g6 3. g3 Bg7 4. Bg2 d6 5. 0-0 0-0 6. Nbd2 Nbd7 7. c3 e5 8. dxe5 dxe5 9. Qc2 Qe8 10. Ne4 Nxe4 11. Qxe4 Nc5 12. Qc4 Nd7 13. Qxc7 e4 14. Nd4 f5 15. Bf4 Nb6 16. Rad1 Nd5 17. Qc4 Qf7 18. Bd6 Rd8 19. Ba3 Be6 20. Nxe6 Qxe6 21. Rd2 Qf7 22. Rfd1 Rac8 23. Qb3 Bxc3 24. bxc3 Rxc3 25. Qxc3 Nxc3 26. Rxd8+ Kg7 27. R1d7 Qxd7 28. Rxd7+ Kh6 29. Bc1+ Kh5 30. Rxh7+ Kg4 31. h3# 1-0